00692nam a22002057a 450000500170000001000140001702000240003103500130005503700130006808200130008110000250009424500460011926000390016527000520020430000270025650000190028394200270030299900170032995201400034620100730110737.0 aENG-97440 a8189915045c1080.00 aEN-80973 bDBAD/PUB a338.4791 aPasricha, Ashu93287 aInternational tourism /cby Ashu Pasricha aNew DelhibRegal Pubicationsc2009 aA-49/1, Mayapuri, Phase-1, bNew Delhie110 064 avii, 314p.c23 cm (Hb) aIncludes Index 2ddccENh338.4791mPAS c38200d38200 001040718NFICaDBADbDBADd2010-07-30eDBAD/PUBg1080.00l0o338.4791 PASpEN-80973r2010-07-30 00:00:00t1v1080.00w2010-07-30yEN